Bình luận khoa học bộ luật hình sự : Phần các tội phạm

Enregistré dans:
Détails bibliographiques
Auteur principal: Đinh, Văn Quế
Format: Livre
Langue:Undetermined
Publié: Tp. Hồ Chí Minh Nxb Tp. Hồ Chí Minh 2005
Sujets:
Tags: Ajouter un tag
Pas de tags, Soyez le premier à ajouter un tag!
Thư viện lưu trữ: Trung tâm Học liệu Trường Đại học Cần Thơ
LEADER 00620nam a2200205Ia 4500
001 CTU_91899
008 210402s9999 xx 000 0 und d
020 |c 32000 
082 |a 364 
082 |b Qu250/T.2 
100 |a Đinh, Văn Quế 
245 0 |a Bình luận khoa học bộ luật hình sự : 
245 0 |b Phần các tội phạm 
245 0 |c Đinh Văn Quế 
260 |a Tp. Hồ Chí Minh 
260 |b Nxb Tp. Hồ Chí Minh 
260 |c 2005 
650 |a Criminology,Vietnamcriminal law 
904 |i Nguyên 
980 |a Trung tâm Học liệu Trường Đại học Cần Thơ